000 00315nam a22001337a 4500
008 190306b xxu||||| |||| 00| 0 eng d
020 _a2800071838896
041 _aeng
080 _a610
100 _a4
101 _aSHM
245 _aCurrent Practice Guidelines in Primary Care
_cEsherick, J,S
942 _2udc
_cBK
999 _c54633
_d54633